000 00483nam a2200181Ia 4500
008 100917s9999 xx 000 0 und d
082 _b42408
100 _aनंदा गुलशन
245 _aकामिनी
260 _bमंदाकिनी टेकाडे
_c1971
300 _a---
365 _b5
520 _aकादंबरी
630 _aकामिनी
650 _aकादंबरी
730 _aकामिनी
942 _cBOOK
999 _c647802
_d647799